000 00634nam a22002177a 4500
999 _c10791
_d10791
003 AR-CdUCM
008 190402b ||||| |||| 00| 0 spa d
040 _aMUNICIPALIDAD PROVINCIAL DEL CUSCO
_cBIBLIOTECA MUNICIPAL DEL CUSCO
082 _aEP / 372.64 /
_bT98
100 _aTwain, Mark
_9733
245 _aEl príncipe y el mendigo /
260 _bEdic. Susaeta,
300 _bIlustraciones,
_c27 cm.
440 _aColección Esmeralda
_927819
500 _aLibro sin numeración
505 _aContenido : Cuento /
650 _aEducación primaria
_91561
650 _aCuento
_94671
942 _2ddc
_cLIBROS
945 _arjall